000 00596nam a22002177a 4500
003 UA-OsUOA
001 64206
007 ta
008 20091103b un ||||| |||| 00| 0 ukr d
090 _a930.25
_bТ33
942 _cBK
040 _aUA-OsUOA
_brus
_cUA-OsUOA
_dUA-OsUOA
245 _aТеория и практика архивного дела в СССР
300 _a342 с.
955 _a2
041 _arus
080 _a930.25
260 _aМ.
_bВысшая школа
_c1980
650 7 _a930.25 Архівознавство. Архівна справа
_2UDC
999 _c350206
_d350206